[Event "34 Open Internacional Ciudad de San Seba"]
[Site "Donostia-San Sebastian"]
[Date "2011.04.18"]
[Round "3"]
[White "Santos Latasa, Jaime"]
[Black "Clement, Alexandre"]
[Result "0-1"]
[WhiteElo "2227"]
[BlackElo "1982"]
[PlyCount "118"]
[EventDate "2011.04.16"]
[EventRounds "9"]
[EventCountry "ESP"]

1. d4 d5 2. c4 c6 3. Nf3 Nf6 4. Nc3 e6 5. Bg5 Nbd7 6. e3 Qa5 7. cxd5 Nxd5 8.
Qd2 Bb4 9. Rc1 h6 10. Bh4 O-O 11. a3 Bxc3 12. bxc3 N5f6 13. Bd3 c5 14. O-O b6
15. Qb2 Bb7 16. Nd2 cxd4 17. cxd4 Rfc8 18. f3 Qh5 19. Bg3 Rxc1 20. Rxc1 Rc8 21.
Re1 Nb8 22. Nc4 Ne8 23. Nxb6 axb6 24. Qxb6 Bxf3 25. Bxb8 Qg5 26. Bf1 Be4 27.
Bf4 Qd5 28. Qb5 Qa8 29. Qa6 Bxg2 30. Qxa8 Bxa8 31. a4 g5 32. Be5 f6 33. Bg3 f5
34. Be5 Kf7 35. Rb1 Nf6 36. Ba6 Re8 37. Bb7 Ng4 38. a5 Nxe5 39. dxe5 Bxb7 40.
Rxb7+ Kg6 41. a6 f4 42. e4 g4 43. a7 Ra8 44. Kg2 Kg5 45. Rg7+ Kh4 46. Rf7 f3+
47. Kf2 h5 48. Rh7 Rc8 49. h3 gxh3 50. Rc7 Ra8 51. Kxf3 Rf8+ 52. Ke3 h2 53. Rc1
Kg3 54. Kd4 Ra8 55. Rc3+ Kg4 56. Rc1 Rxa7 57. Ke3 Kg3 58. Kd4 Ra2 59. Kc5 Rd2
0-1

[Event "34 Open Internacional Ciudad de San Seba"]
[Site "Donostia-San Sebastian"]
[Date "2011.04.18"]
[Round "3"]
[White "Torres, Patrice"]
[Black "Krulich, Roman"]
[Result "0-1"]
[WhiteElo "1981"]
[BlackElo "2225"]
[PlyCount "76"]
[EventDate "2011.04.16"]
[EventRounds "9"]
[EventCountry "ESP"]

1. d4 Nf6 2. Nf3 g6 3. c4 Bg7 4. Nc3 d5 5. cxd5 Nxd5 6. e4 Nxc3 7. bxc3 c5 8.
Rb1 O-O 9. Be2 cxd4 10. cxd4 Qa5+ 11. Bd2 Qxa2 12. Qc1 Qe6 13. Bd3 Qd7 14. O-O
b6 15. Bh6 Bb7 16. Bxg7 Kxg7 17. Qf4 Ba6 18. Rfd1 Bxd3 19. Rxd3 f6 20. Rbd1 Nc6
21. d5 Nb4 22. R3d2 Qd6 23. Qe3 Na6 24. Nd4 Nc5 25. f4 Kh8 26. Nc6 e5 27. g3 a5
28. Rf2 a4 29. Rdf1 exf4 30. Rxf4 Nd7 31. Nd4 a3 32. Ne6 Rf7 33. Rh4 a2 34. Ng5
Re7 35. Ra1 Qc5 36. Qxc5 Nxc5 37. d6 fxg5 38. dxe7 gxh4 0-1

[Event "34 Open Internacional Ciudad de San Seba"]
[Site "Donostia-San Sebastian"]
[Date "2011.04.18"]
[Round "3"]
[White "Baron, Romuald"]
[Black "Guijarro Galan, Jose Luis"]
[Result "0-1"]
[WhiteElo "1950"]
[BlackElo "2206"]
[PlyCount "58"]
[EventDate "2011.04.16"]
[EventRounds "9"]
[EventCountry "ESP"]

1. e4 e5 2. Nf3 d5 3. Nxe5 Bd6 4. d4 dxe4 5. Nc3 Bxe5 6. dxe5 Qxd1+ 7. Kxd1 Nc6
8. Bb5 Bd7 9. Bxc6 Bxc6 10. Ke2 O-O-O 11. Bg5 Re8 12. Rhd1 h6 13. Bh4 Ne7 14.
Bxe7 Rxe7 15. Rd4 Rxe5 16. Ke3 f5 17. Kf4 Re7 18. Re1 g5+ 19. Kxf5 Rf8+ 20. Kg4
Rxf2 21. Kg3 e3 22. Nd5 Bxd5 23. Rxd5 Rxc2 24. b3 Rxa2 25. Rd3 e2 26. Kf3 Ra5
27. Re3 Rf5+ 28. Kxe2 Rxe3+ 29. Kxe3 Re5+ 0-1

[Event "34 Open Internacional Ciudad de San Seba"]
[Site "Donostia-San Sebastian"]
[Date "2011.04.18"]
[Round "3"]
[White "Pressman, Leif"]
[Black "Houdeyer, Hendricks"]
[Result "1-0"]
[WhiteElo "2198"]
[BlackElo "1978"]
[PlyCount "60"]
[EventDate "2011.04.16"]
[EventRounds "9"]
[EventCountry "ESP"]

1. e4 e5 2. Nf3 d6 3. d4 Nf6 4. Nc3 Nbd7 5. Bc4 Be7 6. O-O O-O 7. Re1 c6 8. a4
Re8 9. a5 b5 10. Bxf7+ Kf8 11. Bxe8 Qxe8 12. d5 b4 13. dxc6 Nc5 14. Nd5 Qxc6
15. Nxf6 Bxf6 16. Nd2 Be6 17. f3 Rc8 18. Nf1 b3 19. Be3 bxc2 20. Qxc2 Qb5 21.
Bxc5 Rxc5 22. Qd2 Be7 23. Ne3 Kf7 24. b4 Rc4 25. Nxc4 Bxc4 26. Rab1 Bd3 27. Rb3
Bc4 28. Rb2 Qd7 29. Rc1 Bb5 30. Rbc2 Bd8 1-0

[Event "34 Open Internacional Ciudad de San Seba"]
[Site "Donostia-San Sebastian"]
[Date "2011.04.18"]
[Round "3"]
[White "Aranaz Murillo, Amalia"]
[Black "Miguelez Garcia, Erlantz"]
[Result "1-0"]
[WhiteElo "2164"]
[BlackElo "1957"]
[PlyCount "88"]
[EventDate "2011.04.16"]
[EventRounds "9"]
[EventCountry "ESP"]

1. Nf3 Nf6 2. c4 g6 3. g3 Bg7 4. Bg2 c5 5. Nc3 d5 6. cxd5 Nxd5 7. Qa4+ Nc6 8.
Qc4 Ndb4 9. O-O Qa5 10. Ng5 O-O 11. d3 h6 12. Nge4 Be6 13. Qxc5 Rac8 14. Qxa5
Nxa5 15. Be3 b6 16. Rfc1 Rfd8 17. Nd2 Bxc3 18. Rxc3 Nxa2 19. Rxc8 Rxc8 20. Bxh6
f6 21. Be3 Rc2 22. Rb1 Nc1 23. b4 Nxe2+ 24. Kf1 Nc3 25. bxa5 Rxd2 26. Bxd2 Nxb1
27. Bb4 bxa5 28. Bxa5 Kf7 29. Bb4 Bb3 30. Ke2 e5 31. h4 f5 32. Bc6 Kf6 33. f3
Kg7 34. Bb5 Kf6 35. g4 fxg4 36. fxg4 a5 37. Bxa5 Na3 38. Bd8+ Kf7 39. Bd7 Nc2
40. Bc7 Nd4+ 41. Ke3 Ke7 42. Bc8 Nc6 43. Bb7 Kd7 44. Bxc6+ Kxc6 1-0

[Event "34 Open Internacional Ciudad de San Seba"]
[Site "Donostia-San Sebastian"]
[Date "2011.04.18"]
[Round "3"]
[White "Verkasalo, Tommi"]
[Black "Both, Gert"]
[Result "1-0"]
[WhiteElo "2156"]
[BlackElo "1944"]
[PlyCount "51"]
[EventDate "2011.04.16"]
[EventRounds "9"]
[EventCountry "ESP"]

1. e4 c5 2. Nc3 Nc6 3. f4 e6 4. Nf3 d5 5. Bb5 Nf6 6. d3 Qb6 7. O-O dxe4 8.
Bxc6+ Qxc6 9. Ne5 Qc7 10. dxe4 a6 11. a4 b6 12. Nc4 Bb7 13. e5 Rd8 14. Qe2 Nd5
15. Ne4 Qc6 16. f5 Bc8 17. Bg5 Be7 18. Bxe7 Kxe7 19. f6+ gxf6 20. exf6+ Ke8 21.
Ng5 Rd7 22. Ne5 Qb7 23. Nxd7 Bxd7 24. Nxf7 Kxf7 25. Qh5+ Kf8 26. Qh6+ 1-0

[Event "34 Open Internacional Ciudad de San Seba"]
[Site "Donostia-San Sebastian"]
[Date "2011.04.18"]
[Round "3"]
[White "Navarrete Espi, Samuel"]
[Black "Buiza Prieto, Aizbeltz"]
[Result "1-0"]
[WhiteElo "2127"]
[BlackElo "1905"]
[PlyCount "111"]
[EventDate "2011.04.16"]
[EventRounds "9"]
[EventCountry "ESP"]

1. e4 c5 2. Nf3 e6 3. d4 cxd4 4. Nxd4 Nf6 5. Nc3 Nc6 6. Ndb5 d6 7. Bf4 e5 8.
Bg5 a6 9. Na3 b5 10. Nd5 Be7 11. Bxf6 Bxf6 12. c4 b4 13. Nc2 O-O 14. g3 Bg5 15.
Bg2 Qa5 16. b3 Qc5 17. Qh5 Bd8 18. O-O Be6 19. Rfd1 Rb8 20. Nce3 Nd4 21. Nf5 g6
22. Nde7+ Bxe7 23. Nxe7+ Kg7 24. Qh4 f6 25. Rd2 Rb7 26. Nd5 Bxd5 27. exd5 a5
28. Qe4 Ra7 29. Qd3 a4 30. Rb1 Rfa8 31. h4 axb3 32. axb3 Ra1 33. Rxa1 Rxa1+ 34.
Kh2 Ra3 35. Rb2 Qa5 36. f4 Qa7 37. fxe5 fxe5 38. Qe3 h6 39. h5 Nf5 40. Qxa7+
Rxa7 41. Be4 Nd4 42. hxg6 Ra3 43. Rf2 Ra7 44. Rb2 Ra8 45. Kh3 Rf8 46. Kg4 Rf6
47. Ra2 Nxb3 48. Ra7+ Kg8 49. Kh5 Nc5 50. Bb1 Rf1 51. Ra8+ Kg7 52. Ra7+ Kg8 53.
g7 Rf7 54. Rxf7 Kxf7 55. Kxh6 Nd7 56. Bg6+ 1-0

[Event "34 Open Internacional Ciudad de San Seba"]
[Site "Donostia-San Sebastian"]
[Date "2011.04.18"]
[Round "3"]
[White "Garcia Martin, Juan Manuel"]
[Black "Diaz Herrero, Alvaro"]
[Result "0-1"]
[WhiteElo "1872"]
[BlackElo "2126"]
[PlyCount "54"]
[EventDate "2011.04.16"]
[EventRounds "9"]
[EventCountry "ESP"]

1. d4 Nf6 2. Bf4 d5 3. Nf3 c5 4. dxc5 e6 5. e3 Bxc5 6. c3 Nc6 7. Ne5 O-O 8. Be2
Bd6 9. Nf3 e5 10. Bg5 Be6 11. Nbd2 h6 12. Bxf6 Qxf6 13. Rc1 Rad8 14. Qa4 a6 15.
h4 e4 16. Nd4 Ne5 17. f4 exf3 18. N4xf3 Ng4 19. Nf1 Rfe8 20. Qd4 Qe7 21. b4 Bf5
22. Kd2 a5 23. a3 axb4 24. cxb4 Rc8 25. Rxc8 Rxc8 26. Bd3 Bxd3 27. Kxd3 Nf2+
0-1

[Event "34 Open Internacional Ciudad de San Seba"]
[Site "Donostia-San Sebastian"]
[Date "2011.04.19"]
[Round "4"]
[White "Pap, Misa"]
[Black "Narciso Dublan, Marc"]
[Result "1/2-1/2"]
[WhiteElo "2496"]
[BlackElo "2551"]
[PlyCount "123"]
[EventDate "2011.04.16"]
[EventRounds "9"]
[EventCountry "ESP"]

1. e4 c6 2. d4 d5 3. Nd2 dxe4 4. Nxe4 Nf6 5. Nxf6+ exf6 6. c3 Bd6 7. Bd3 O-O 8.
Qc2 Re8+ 9. Ne2 g6 10. h4 Be6 11. c4 Na6 12. a3 Qa5+ 13. Kf1 Nb4 14. axb4 Qxa1
15. d5 cxd5 16. c5 Bf8 17. h5 Bf5 18. hxg6 Bxg6 19. Rh3 d4 20. Nf4 Bxd3+ 21.
Rxd3 Qa6 22. Kg1 Rad8 23. Rh3 d3 24. Nxd3 Re4 25. Nf4 Qc4 26. Rc3 Re1+ 27. Kh2
Qe4 28. Rg3+ Bg7 29. Qxe4 Rxe4 30. b5 Rdd4 31. Nd3 Rg4 32. Rf3 Bf8 33. g3 Rge4
34. Bd2 Rd5 35. c6 bxc6 36. bxc6 Rc4 37. Bc3 Rxc6 38. Nf4 Rf5 39. Re3 Rc8 40.
Rd3 Re8 41. Rd7 Bh6 42. Nd5 Re2 43. Ne7+ Rxe7 44. Rxe7 Rxf2+ 45. Kh3 Bc1 46.
Rxa7 Kg7 47. b4 Rf3 48. Be1 Rf1 49. Re7 Bb2 50. Re2 Bd4 51. Re4 f5 52. Re8 Rf3
53. Kg2 Rb3 54. Rd8 Bc3 55. Bxc3+ Rxc3 56. Rd4 Rb3 57. Rf4 Kg6 58. Kf2 h5 59.
Kg2 Kg5 60. Kf2 Rb2+ 61. Kf3 Rb3+ 62. Kf2 1/2-1/2

[Event "34 Open Internacional Ciudad de San Seba"]
[Site "Donostia-San Sebastian"]
[Date "2011.04.19"]
[Round "4"]
[White "Tratar, Marko"]
[Black "Sebenik, Matej"]
[Result "1/2-1/2"]
[WhiteElo "2482"]
[BlackElo "2530"]
[PlyCount "42"]
[EventDate "2011.04.16"]
[EventRounds "9"]
[EventCountry "ESP"]

1. Nf3 Nf6 2. c4 e6 3. g3 d5 4. d4 dxc4 5. Qa4+ Nbd7 6. Bg2 a6 7. Qxc4 b5 8.
Qc6 Rb8 9. Bf4 Nd5 10. Bg5 Be7 11. Bxe7 Qxe7 12. Nc3 Qb4 13. O-O Nxc3 14. bxc3
Qd6 15. Qxd6 cxd6 16. a4 Bb7 17. axb5 axb5 18. Ra5 Ke7 19. Rxb5 Ba6 20. Rxb8
Rxb8 21. Re1 Rc8 1/2-1/2

[Event "34 Open Internacional Ciudad de San Seba"]
[Site "Donostia-San Sebastian"]
[Date "2011.04.19"]
[Round "4"]
[White "Venkatesh, M R."]
[Black "Alvarez Pedraza, Aramis"]
[Result "1-0"]
[WhiteElo "2455"]
[BlackElo "2515"]
[PlyCount "123"]
[EventDate "2011.04.16"]
[EventRounds "9"]
[EventCountry "ESP"]

1. Nf3 Nf6 2. g3 b5 3. d3 Bb7 4. Bg2 e6 5. e4 d6 6. O-O Be7 7. Nbd2 c5 8. Qe2
Nc6 9. c3 Qb6 10. h3 Ne5 11. Rd1 h6 12. Nf1 Ned7 13. Ne1 Rc8 14. f4 h5 15. Be3
a6 16. Bf2 Qc7 17. d4 d5 18. e5 Ne4 19. Nd2 f5 20. exf6 Ndxf6 21. Nd3 h4 22. g4
Nxf2 23. Qxf2 O-O 24. Re1 cxd4 25. Qxd4 Ne4 26. Nxe4 dxe4 27. Bxe4 Rxf4 28.
Nxf4 Bc5 29. Qxc5 Qxc5+ 30. Kg2 Bxe4+ 31. Rxe4 e5 32. Ng6 Rd8 33. Rf1 Kh7 34.
Nxh4 Rd2+ 35. Kg3 Rd3+ 36. Nf3 Qd5 37. Rfe1 Qf7 38. Rf1 Qxa2 39. Rxe5 Qxb2 40.
Kh4 Rd8 41. Ng5+ Kg8 42. Nf7 Qg2 43. Rf4 Qh2 44. Rf3 Qh1 45. Rf2 Qg1 46. Rf3
Qh1 47. Rf2 Rd5 48. Re3 Kh7 49. Rf5 Rxf5 50. gxf5 g5+ 51. Nxg5+ Kg7 52. Re6 Qf1
53. f6+ Qxf6 54. Rxf6 Kxf6 55. Kg4 a5 56. Ne4+ Ke5 57. Nd2 Kd5 58. h4 a4 59. h5
a3 60. h6 a2 61. Nb3 Kc4 62. Na1 1-0

[Event "34 Open Internacional Ciudad de San Seba"]
[Site "Donostia-San Sebastian"]
[Date "2011.04.19"]
[Round "4"]
[White "Debray, Christopher"]
[Black "Spraggett, Kevin"]
[Result "0-1"]
[WhiteElo "2381"]
[BlackElo "2576"]
[PlyCount "50"]
[EventDate "2011.04.16"]
[EventRounds "9"]
[EventCountry "ESP"]

1. d4 f5 2. c4 e6 3. g3 Nf6 4. Bg2 c6 5. Nf3 d5 6. Qc2 Bd6 7. O-O O-O 8. Bf4
Bxf4 9. gxf4 Qe7 10. Nbd2 Nbd7 11. Ne5 Ne4 12. Nxe4 Nxe5 13. fxe5 dxe4 14. f3
exf3 15. Rxf3 Bd7 16. Raf1 Be8 17. e4 Bg6 18. d5 f4 19. Qf2 Bxe4 20. Rxf4 exd5
21. Rxf8+ Rxf8 22. Qxa7 Qg5 23. Rxf8+ Kxf8 24. Qf2+ Ke7 25. cxd5 Bxd5 0-1

[Event "34 Open Internacional Ciudad de San Seba"]
[Site "Donostia-San Sebastian"]
[Date "2011.04.19"]
[Round "4"]
[White "Starostits, Ilmars"]
[Black "Piasetski, Leon"]
[Result "1-0"]
[WhiteElo "2486"]
[BlackElo "2299"]
[PlyCount "55"]
[EventDate "2011.04.16"]
[EventRounds "9"]
[EventCountry "ESP"]

1. e4 g6 2. d4 Bg7 3. Nc3 d6 4. Be3 a6 5. a4 b6 6. Bc4 e6 7. f4 Ne7 8. Bd3 Nbc6
9. Nf3 Nb4 10. Be2 Bb7 11. O-O Qd7 12. a5 b5 13. Qd2 f5 14. d5 exd5 15. Bd4
dxe4 16. Bxg7 Rg8 17. Bf6 exf3 18. Bxf3 Bxf3 19. Rae1 Be4 20. Nxe4 fxe4 21.
Rxe4 Nbc6 22. Qd5 Kf8 23. Bxe7+ Nxe7 24. Qxa8+ Kf7 25. Qxa6 Qf5 26. Rfe1 Qc5+
27. Kh1 Nf5 28. b4 1-0

[Event "34 Open Internacional Ciudad de San Seba"]
[Site "Donostia-San Sebastian"]
[Date "2011.04.19"]
[Round "4"]
[White "Llaneza Vega, Marcos"]
[Black "Prieto Aranguren, Alain"]
[Result "1-0"]
[WhiteElo "2473"]
[BlackElo "2219"]
[PlyCount "57"]
[EventDate "2011.04.16"]
[EventRounds "9"]
[EventCountry "ESP"]

1. e4 c6 2. Nc3 d5 3. Nf3 Bg4 4. h3 Bh5 5. exd5 cxd5 6. Bb5+ Nc6 7. g4 Bg6 8.
Ne5 Rc8 9. d4 e6 10. h4 f6 11. Nxg6 hxg6 12. Bd3 f5 13. Bg5 Nf6 14. Ne2 Qa5+
15. c3 Bd6 16. f3 Qc7 17. Qd2 a6 18. Nf4 Bxf4 19. Bxf4 Qf7 20. O-O-O Ne7 21.
Rde1 Rc6 22. h5 gxh5 23. gxf5 O-O 24. fxe6 Rxe6 25. Reg1 Ne8 26. Be5 Nc6 27. f4
Nxe5 28. fxe5 Kh8 29. Rf1 1-0

[Event "34 Open Internacional Ciudad de San Seba"]
[Site "Donostia-San Sebastian"]
[Date "2011.04.19"]
[Round "4"]
[White "Gonzalez Perez, Arian"]
[Black "Suarez Garcia, Carlos"]
[Result "1-0"]
[WhiteElo "2458"]
[BlackElo "2177"]
[PlyCount "177"]
[EventDate "2011.04.16"]
[EventRounds "9"]
[EventCountry "ESP"]

1. Nf3 d5 2. c4 c6 3. b3 Nf6 4. Bb2 Bf5 5. d3 e6 6. g3 h6 7. Bg2 Nbd7 8. O-O
Be7 9. Nbd2 O-O 10. a3 a5 11. Qc2 Bh7 12. Ne5 Nxe5 13. Bxe5 Bd6 14. Qb2 Bxe5
15. Qxe5 Qe7 16. Qb2 Ra7 17. b4 axb4 18. axb4 Rfa8 19. c5 Qc7 20. Rxa7 Rxa7 21.
Ra1 b6 22. d4 Nd7 23. e4 bxc5 24. bxc5 Rxa1+ 25. Qxa1 Qb7 26. exd5 exd5 27. Bh3
Bd3 28. Qa3 Bb5 29. Qa5 Nf8 30. Bf1 Bxf1 31. Kxf1 Qb2 32. Nf3 Qb1+ 33. Qe1
Qxe1+ 34. Kxe1 f6 35. Kd2 Kf7 36. Kc3 Ke6 37. Kb4 Kd7 38. Ka5 Kc7 39. h4 g5 40.
Kb4 Kd7 41. Kc3 Ke6 42. Kd3 Kf5 43. Ke3 Ne6 44. hxg5 hxg5 45. Ne1 Nd8 46. Nc2
Kg4 47. Nb4 Kf5 48. Kf3 g4+ 49. Ke3 Kg5 50. Na6 Kf5 51. Nc7 Kg5 52. Ne8 Kf5 53.
Nd6+ Kg5 54. Nc8 Kf5 55. Ne7+ Ke6 56. Nc8 Kf5 57. Kd3 Ke6 58. Ke2 Nb7 59. Ke3
Kd7 60. Nb6+ Ke6 61. Kf4 Na5 62. Nc8 Nb3 63. Ke3 Kd7 64. Nd6 Ke6 65. Nb7 Kd7
66. Kd3 Nc1+ 67. Kd2 Nb3+ 68. Ke3 Ke6 69. Nd6 Nc1 70. Kd2 Nb3+ 71. Kd3 Nc1+ 72.
Ke3 Nb3 73. Kd3 Nc1+ 74. Kd2 Nb3+ 75. Ke3 Nc1 76. Ne8 Kf7 77. Nc7 Ke7 78. Na6
Ke6 79. Nb8 Na2 80. Nxc6 Nc3 81. Nd8+ Ke7 82. Nb7 Nd1+ 83. Ke2 Nc3+ 84. Kd2
Ne4+ 85. Ke3 Nc3 86. Nd6 Ne4 87. Ke2 Nc3+ 88. Kd2 Nb1+ 89. Kc2 1-0

[Event "34 Open Internacional Ciudad de San Seba"]
[Site "Donostia-San Sebastian"]
[Date "2011.04.19"]
[Round "4"]
[White "Colovic, Aleksandar"]
[Black "Diez Fraile, David"]
[Result "1-0"]
[WhiteElo "2452"]
[BlackElo "2165"]
[PlyCount "51"]
[EventDate "2011.04.16"]
[EventRounds "9"]
[EventCountry "ESP"]

1. c4 Nf6 2. Nc3 g6 3. g3 Bg7 4. Bg2 O-O 5. Nf3 d6 6. O-O c5 7. d4 Nc6 8. dxc5
dxc5 9. Bf4 Be6 10. Ne5 Nh5 11. Nxc6 bxc6 12. Bg5 Rb8 13. Qc2 Rb4 14. Rad1 Qa5
15. b3 Bxc4 16. Ne4 Ba6 17. Nxc5 Rd4 18. Bxe7 Re8 19. Nxa6 Qxa6 20. Bc5 Rxe2
21. Qc1 Rxd1 22. Rxd1 Re8 23. Qa3 Qxa3 24. Bxa3 Bc3 25. Bf3 Nf6 26. Bxc6 1-0

[Event "34 Open Internacional Ciudad de San Seba"]
[Site "Donostia-San Sebastian"]
[Date "2011.04.19"]
[Round "4"]
[White "Olaizola Ortega, Luis"]
[Black "Mateo, Ramon"]
[Result "1-0"]
[WhiteElo "2206"]
[BlackElo "2446"]
[PlyCount "139"]
[EventDate "2011.04.16"]
[EventRounds "9"]
[EventCountry "ESP"]

1. d4 Nf6 2. Nf3 b5 3. e3 a6 4. c4 bxc4 5. Bxc4 e6 6. Nc3 Bb7 7. O-O d5 8. Bd3
Nbd7 9. b3 Bd6 10. Bb2 c5 11. Na4 cxd4 12. exd4 O-O 13. Ne5 Be7 14. Rc1 a5 15.
Qe2 Nxe5 16. dxe5 Nd7 17. Bd4 Ba3 18. Rc3 Qh4 19. f4 Rfc8 20. Qc2 Rxc3 21. Qxc3
Qd8 22. f5 Rc8 23. Qd2 Bc6 24. Qe3 Bxa4 25. fxe6 Qh4 26. exf7+ Kf8 27. bxa4
Qxd4 28. Qxd4 Bc5 29. Qxc5+ Nxc5 30. Bb5 Ke7 31. Be8 Ne6 32. Rb1 Nf8 33. Rb6
Rd8 34. Kf2 Ng6 35. Ke3 d4+ 36. Kd2 Rc8 37. Rd6 Rc5 38. Rxd4 Rxe5 39. Rd7+ Kf8
40. Ra7 Rf5 41. Ke3 Ne7 42. g3 Rh5 43. h4 Rf5 44. Ra6 Re5+ 45. Kf4 Ng6+ 46. Kf3
Ne7 47. Bb5 Kxf7 48. Rxa5 Nc6 49. Ra6 Nd4+ 50. Kf4 Rc5 51. Ra7+ Kf6 52. g4 Nxb5
53. axb5 Rxb5 54. h5 Rb4+ 55. Kg3 Rc4 56. a4 g6 57. Ra6+ Kg5 58. Ra5+ Kh6 59.
Kh4 Rd4 60. Ra6 Kg7 61. a5 Rd5 62. Ra7+ Kf6 63. h6 Rd3 64. g5+ Ke6 65. Rxh7
Rd4+ 66. Kg3 Rd5 67. a6 Rxg5+ 68. Kf4 Ra5 69. a7 Kf6 70. Rb7 1-0

[Event "34 Open Internacional Ciudad de San Seba"]
[Site "Donostia-San Sebastian"]
[Date "2011.04.19"]
[Round "4"]
[White "Thomassen, Thomas"]
[Black "Barria Zuniga, Daniel"]
[Result "0-1"]
[WhiteElo "2049"]
[BlackElo "2438"]
[PlyCount "92"]
[EventDate "2011.04.16"]
[EventRounds "9"]
[EventCountry "ESP"]

1. c4 e6 2. g3 d5 3. Bg2 Nf6 4. Nf3 Be7 5. O-O O-O 6. b3 c5 7. e3 Nc6 8. Bb2 d4
9. exd4 cxd4 10. d3 e5 11. a3 a5 12. Nbd2 Nd7 13. Re1 Kh8 14. h3 Ra6 15. Bc1
Rb6 16. Rb1 f6 17. Ne4 f5 18. Neg5 Ncb8 19. h4 h6 20. Nh3 Nc6 21. Nh2 Bf6 22.
f4 e4 23. dxe4 fxe4 24. Bxe4 Nc5 25. Nf2 d3 26. Bb2 Bxb2 27. Rxb2 Qd4 28. Rd2
Rxb3 29. Bxd3 Rxa3 30. Nf3 Qc3 31. Rc2 Qf6 32. Be4 Nxe4 33. Nxe4 Qg6 34. h5 Qf7
35. Nh4 Rd8 36. Ng6+ Kh7 37. Rd2 Rxd2 38. Qxd2 Qxc4 39. Nd6 Qc5+ 40. Kg2 Bg4
41. Nf8+ Kg8 42. Re8 Bf3+ 43. Kf1 Ra1+ 44. Re1 Rxe1+ 45. Qxe1 Qxd6 46. Ng6 Qd1
0-1

[Event "34 Open Internacional Ciudad de San Seba"]
[Site "Donostia-San Sebastian"]
[Date "2011.04.19"]
[Round "4"]
[White "Huerga Leache, Mikel"]
[Black "Verkasalo, Tommi"]
[Result "1/2-1/2"]
[WhiteElo "2440"]
[BlackElo "2156"]
[PlyCount "68"]
[EventDate "2011.04.16"]
[EventRounds "9"]
[EventCountry "ESP"]

1. e4 g6 2. d4 Bg7 3. Nf3 d6 4. Bc4 e6 5. Qe2 a6 6. c3 Ne7 7. Bf4 Nd7 8. h4 h6
9. e5 dxe5 10. Nxe5 Nb6 11. Bd3 Nbd5 12. Bd2 c5 13. dxc5 Qc7 14. f4 Qxc5 15. h5
g5 16. fxg5 hxg5 17. Nf3 Nf4 18. Bxf4 gxf4 19. Nfd2 Nd5 20. Be4 Ne3 21. Nf1 Bd7
22. Nxe3 Bb5 23. Qf3 fxe3 24. a4 Bc6 25. Bxc6+ bxc6 26. Rh3 Rb8 27. Ra2 Qc4 28.
Na3 Bxc3+ 29. bxc3 Qxc3+ 30. Ke2 Rb2+ 31. Rxb2 Qxb2+ 32. Kf1 Qc1+ 33. Ke2 Qb2+
34. Kf1 Qc1+ 1/2-1/2

[Event "34 Open Internacional Ciudad de San Seba"]
[Site "Donostia-San Sebastian"]
[Date "2011.04.19"]
[Round "4"]
[White "Buiza Prieto, Eihartze"]
[Black "Santos Etxepare, Agustin"]
[Result "1-0"]
[WhiteElo "1671"]
[BlackElo "1575"]
[PlyCount "77"]
[EventDate "2011.04.16"]
[EventRounds "9"]
[EventCountry "ESP"]

1. e4 e6 2. d4 d5 3. e5 c5 4. c3 Nc6 5. Nf3 cxd4 6. cxd4 Qb6 7. Nc3 Nge7 8. Bd3
a6 9. Bc2 Nf5 10. Bxf5 exf5 11. Nxd5 Qa5+ 12. Nc3 Bb4 13. Bd2 O-O 14. O-O Qb6
15. d5 Ne7 16. Be3 Qa5 17. d6 Ng6 18. d7 Bxd7 19. Qxd7 Nxe5 20. Nxe5 Qxe5 21.
Qd4 Qxd4 22. Bxd4 Rad8 23. Rad1 Rfe8 24. a3 Rd6 25. axb4 Red8 26. Bb6 Rxd1 27.
Rxd1 Rxd1+ 28. Nxd1 f6 29. Ne3 f4 30. Nc4 Kf7 31. Nd6+ Ke6 32. Nxb7 Kd5 33. Bc5
Kc6 34. Nd8+ Kb5 35. Ne6 g5 36. Nf8 h5 37. Nh7 a5 38. bxa5 Kxc5 39. Nxf6 1-0

[Event "34 Open Internacional Ciudad de San Seba"]
[Site "Donostia-San Sebastian"]
[Date "2011.04.19"]
[Round "4"]
[White "Diaz Herrero, Alvaro"]
[Black "Collins, Sam E"]
[Result "0-1"]
[WhiteElo "2126"]
[BlackElo "2426"]
[PlyCount "74"]
[EventDate "2011.04.16"]
[EventRounds "9"]
[EventCountry "ESP"]

1. e4 e5 2. Nf3 Nc6 3. d4 exd4 4. Nxd4 Nf6 5. Nxc6 bxc6 6. e5 Ne4 7. Qf3 Ng5 8.
Qg3 Ne6 9. Nc3 d6 10. Bd2 g6 11. h4 Bg7 12. h5 Bxe5 13. f4 Bg7 14. hxg6 hxg6
15. Rxh8+ Bxh8 16. O-O-O Qf6 17. Bd3 Nc5 18. Bc4 Be6 19. Qf3 Kd7 20. Bb5 d5 21.
Be3 cxb5 22. Bxc5 c6 23. Qe3 a5 24. Bd4 Qd8 25. Bxh8 Qxh8 26. Ne4 Kc7 27. Nc5
Qf6 28. g3 a4 29. a3 Bf5 30. Re1 d4 31. Qd2 d3 32. Re5 dxc2 33. Qe3 Rd8 34.
Re7+ Kc8 35. Re8 Qd6 36. Rxd8+ Qxd8 37. Qe1 Kb8 0-1

[Event "34 Open Internacional Ciudad de San Seba"]
[Site "Donostia-San Sebastian"]
[Date "2011.04.19"]
[Round "4"]
[White "Thomassen, Joachim"]
[Black "Torres Ganuza, Fco  Javier"]
[Result "1-0"]
[WhiteElo "2396"]
[BlackElo "2120"]
[PlyCount "88"]
[EventDate "2011.04.16"]
[EventRounds "9"]
[EventCountry "ESP"]

1. d4 Nf6 2. c4 c5 3. d5 g6 4. Nc3 Bg7 5. Nf3 O-O 6. e4 d6 7. h3 e6 8. dxe6
Bxe6 9. Be2 Re8 10. O-O Nc6 11. Be3 Qb6 12. Rb1 Rad8 13. Re1 h6 14. a3 a5 15.
Bf1 Kh7 16. Nd2 Nd7 17. f4 Nd4 18. Bd3 Nb8 19. f5 Bc8 20. Nd5 Qc6 21. f6 Bh8
22. Nf3 Nd7 23. Nxd4 cxd4 24. Bxd4 Ne5 25. Bb6 Rd7 26. b4 axb4 27. axb4 Rdd8
28. b5 Qd7 29. Rf1 Re6 30. Bxd8 Qxd8 31. Be2 Bxf6 32. Bg4 Nxg4 33. Qxg4 Bd4+
34. Kh1 Kg7 35. Rbd1 Rf6 36. Qe2 Rxf1+ 37. Qxf1 Be5 38. Qf2 Be6 39. c5 dxc5 40.
Qxc5 Qh4 41. Nc7 Bxc7 42. Qxc7 Qxe4 43. Qc3+ Kh7 44. Rd8 g5 1-0

[Event "34 Open Internacional Ciudad de San Seba"]
[Site "Donostia-San Sebastian"]
[Date "2011.04.19"]
[Round "4"]
[White "Silva Rodriguez, Julio"]
[Black "Etchegaray, Patrice"]
[Result "0-1"]
[WhiteElo "2103"]
[BlackElo "2394"]
[PlyCount "82"]
[EventDate "2011.04.16"]
[EventRounds "9"]
[EventCountry "ESP"]

1. e4 c5 2. Nf3 Nc6 3. d4 cxd4 4. Nxd4 Nf6 5. Nc3 e5 6. Ndb5 d6 7. Bg5 a6 8.
Na3 b5 9. Nd5 Be7 10. Bxf6 Bxf6 11. c4 Nd4 12. cxb5 Bb7 13. bxa6 Bxd5 14. exd5
Qa5+ 15. Qd2 Qxd5 16. Bb5+ Ke7 17. Qd3 Rhb8 18. O-O Rxb5 19. Nxb5 Qxb5 20. Qxb5
Nxb5 21. a4 Nd4 22. b4 Rxa6 23. b5 Ra5 24. b6 Kd7 25. Ra2 Ne6 26. Rb1 Kc8 27.
b7+ Kb8 28. Rb6 Be7 29. g3 Nc5 30. f4 e4 31. Kf2 Rxa4 32. Rxa4 Nxa4 33. Rb5 Bd8
34. Rb4 Nc5 35. Ke3 Ba5 36. Rb5 Bc3 37. f5 Be5 38. Rb1 d5 39. Rb5 d4+ 40. Ke2
Bd6 41. Rb6 Nxb7 0-1

[Event "34 Open Internacional Ciudad de San Seba"]
[Site "Donostia-San Sebastian"]
[Date "2011.04.19"]
[Round "4"]
[White "Argandona Riveiro, Inigo"]
[Black "Baekelant, Eva"]
[Result "1-0"]
[WhiteElo "2389"]
[BlackElo "2103"]
[PlyCount "51"]
[EventDate "2011.04.16"]
[EventRounds "9"]
[EventCountry "ESP"]

1. Nf3 Nf6 2. c4 g6 3. Nc3 d5 4. Qa4+ Bd7 5. Qb3 dxc4 6. Qxc4 a6 7. e4 b5 8.
Qe2 c5 9. e5 Nh5 10. d4 b4 11. Ne4 cxd4 12. Nxd4 Bg7 13. f4 Qb6 14. Qf2 Nc6 15.
Be3 Nxd4 16. Bxd4 Qc6 17. Nc5 Bf5 18. Be2 Be4 19. O-O Rd8 20. Bxa6 Qa8 21. Bb5+
Kf8 22. Be3 Bh6 23. g4 Bh1 24. h3 Bxf4 25. Bxf4 Nxf4 26. Ne6+ 1-0